Central Library OPAC University of Rajshahi

Social change at work : (Record no. 33918)

MARC details
000 -LEADER
fixed length control field 00872cam a2200277 i 4500
001 - CONTROL NUMBER
control field 33918
003 - CONTROL NUMBER IDENTIFIER
rucl marc code BD-RjUL
005 - DATE AND TIME OF LATEST TRANSACTION
control field 20211209052059.0
008 - FIXED-LENGTH DATA ELEMENTS--GENERAL INFORMATION
fixed length control field 140512s1975 enka b 001 0 eng
020 ## - INTERNATIONAL STANDARD BOOK NUMBER
International Standard Book Number 0715608673 :
035 ## - SYSTEM CONTROL NUMBER
System control number (BD-RjUL)34010
040 ## - CATALOGING SOURCE
Original cataloging agency DLC
Transcribing agency DLC
Modifying agency DLC
-- BD-RjUL
Language of cataloging eng
041 ## - LANGUAGE CODE
Language code of text/sound track or separate title eng
082 00 - DEWEY DECIMAL CLASSIFICATION NUMBER
Classification number 331.89046
Author mark and year ROS 1975
100 1# - MAIN ENTRY--PERSONAL NAME
Personal name Roeber, Joe.
9 (RLIN) 103059
245 10 - TITLE STATEMENT
Title Social change at work :
Remainder of title the ICI Weekly staff agreement /
Statement of responsibility, etc. Joe Roeber.
260 ## - PUBLICATION, DISTRIBUTION, ETC. (IMPRINT)
Place of publication, distribution, etc. London :
Name of publisher, distributor, etc. Duckworth,
Date of publication, distribution, etc. 1975.
300 ## - PHYSICAL DESCRIPTION
Pagination xxiv, 342 p. :
Illustrations ill. ;
Size 23 cm.
500 ## - GENERAL NOTE
General note Includes index.
504 ## - BIBLIOGRAPHY, ETC. NOTE
Bibliography, etc Bibliography: p. [334]-336.
610 20 - SUBJECT ADDED ENTRY--CORPORATE NAME
Corporate name or jurisdiction name as entry element Imperial Chemical Industries, ltd.
650 #0 - SUBJECT ADDED ENTRY--TOPICAL TERM
Topical term or geographic name as entry element Collective bargaining
General subdivision Chemical industry
Geographic subdivision Great Britain
General subdivision Case studies.
9 (RLIN) 103061
942 ## - ADDED ENTRY ELEMENTS (KOHA)
Source of classification or shelving scheme Dewey Decimal Classification
Koha item type Books
Holdings
Lost status Source of classification or shelving scheme Damaged status Not for loan Permanent Location Current Location Shelving location Date acquired Source of acquisition Cost, normal purchase price Total Checkouts Full call number Date last seen Copy number Koha item type
  Dewey Decimal Classification   Not For Loan Central Library, University of Rajshahi Central Library, University of Rajshahi Reading Room 13/08/1981 Netherland 0.00   331.89046 ROS 1975 12/05/2014 C-1 Books